| 000 | 00951nam a22002057a 4500 | ||
|---|---|---|---|
| 999 |
_c59117 _d59117 |
||
| 003 | Ge_BSU | ||
| 005 | 20221128120255.0 | ||
| 008 | 221128s1979ge xxu||||| |||| 00| 0 geo d | ||
| 041 | _ageo | ||
| 080 | _a821.353.1-31 ჩ-97 | ||
| 100 |
_aჩხეიძე, ოთარ, 1920-2007. _916141 |
||
| 245 |
_aბურუსი ; აღმართ-აღმართ ; ნაკრძალი : _b[რომანები] / _cოთარ ჩხეიძე, რედ. თამარ დაუშვილი. |
||
| 250 | _aმე-2 გამოც. | ||
| 264 |
_aთბილისი : _bსაბჭოთა საქართველო, _c1979. |
||
| 300 |
_a712 გვ. ; _b20 სმ. |
||
| 653 | _aბურუსი ; აღმართ-აღმართ ; ნაკრძალი | ||
| 653 | _aრომანები | ||
| 700 |
_aდაუშვილი, თამარ _eრედაქტორი _916142 |
||
| 942 |
_2udc _cBK |
||